00632nam a2200181 4500001000700000003000900007007000300016008004100019100001900060245018800079250001200267260003700279300003600316700002000352700002800372700002000400852003000420148426ES-MaACLt|070214s1931 sp r ||||1| spa d1 aStrauss, Otto.10aCompendio de técnica radiológica, radiodiagnóstico y radioterapia /cpor los doctores Otto Strauss y Otto Müller ; traducido del alemán por los doctores J. Cabrera y J. Gay. a1ª ed. aMadrid : bEspasa-Calpe, c1931. aVIII, 451 p. : bil. ; c25 cm.1 aMüller, Otto.1 aCabrera y Felipe, Juan.1 aGay, Joaquín. aES-MaACLjE-800 bR.20772